000 00280nam a2200121Ia 4500
008 190216s9999||||xx |||||||||||||| ||und||
100 _aLokanathan V
245 0 _aHistory Of Economic Thought
260 _bS Chand & Co
_c1992
300 _a383p
650 _aEconomics
942 _cBK
999 _c9918
_d9918